Big 4 Sports Teams in Alphabetical Order - Statistics

General Stats
  • This quiz has been taken 297 times
  • The average score is 74 of 124
Answer Stats
Answer % Correct
Anaheim Ducks
93%
Atlanta Braves
84%
Atlanta Falcons
84%
Atlanta Hawks
84%
Arizona Cardinals
80%
Arizona Diamondbacks
80%
Baltimore Ravens
73%
Boston Celtics
73%
Baltimore Orioles
71%
Boston Red Sox
71%
Boston Bruins
69%
Buffalo Bills
67%
Carolina Panthers
67%
Brooklyn Nets
64%
Calgary Flames
64%
Charlotte Hornets
64%
Chicago Bears
64%
Chicago Bulls
64%
Cincinnati Bengals
64%
Cleveland Cavaliers
64%
Washington Wizards
64%
Buffalo Sabres
62%
Chicago Cubs
62%
Columbus Blue Jackets
62%
Dallas Stars
62%
Detroit Lions
62%
Detroit Pistons
62%
Detroit Tigers
62%
Washington Commanders
62%
Carolina Hurricanes
60%
Chicago Blackhawks
60%
Chicago White Sox
60%
Cleveland Browns
60%
Cleveland Guardians
60%
Colorado Rockies
60%
Dallas Cowboys
60%
Dallas Mavericks
60%
Denver Broncos
60%
Denver Nuggets
60%
Detroit Red Wings
60%
Green Bay Packers
60%
Houston Rockets
60%
Indianapolis Colts
60%
Utah Jazz
60%
Vancouver Canucks
60%
Washington Nationals
60%
Winnipeg Jets
60%
Colorado Avalanche
58%
Edmonton Oilers
58%
Houston Astros
58%
Houston Texans
58%
Las Vegas Raiders
58%
Los Angeles Angels
58%
Los Angeles Chargers
58%
Los Angeles Clippers
58%
Los Angeles Dodgers
58%
Los Angeles Lakers
58%
Los Angeles Rams
58%
Miami Dolphins
58%
Minnesota Twins
58%
Minnesota Vikings
58%
Montreal Canadiens
58%
New Orleans Pelicans
58%
New Orleans Saints
58%
New York Giants
58%
New York Islanders
58%
New York Jets
58%
New York Knicks
58%
New York Mets
58%
Philadelphia 76ers
58%
Philadelphia Eagles
58%
Philadelphia Phillies
58%
Pittsburgh Penguins
58%
Pittsburgh Pirates
58%
Pittsburgh Steelers
58%
San Francisco 49ers
58%
San Francisco Giants
58%
Seattle Kraken
58%
Seattle Mariners
58%
Seattle Seahawks
58%
Tampa Bay Buccaneers
58%
Tampa Bay Lightning
58%
Tampa Bay Rays
58%
Toronto Raptors
58%
Washington Capitals
58%
Cincinnati Reds
56%
Golden State Warriors
56%
Indiana Pacers
56%
Jacksonville Jaguars
56%
Kansas City Chiefs
56%
Kansas City Royals
56%
Miami Heat
56%
Minnesota Timberwolves
56%
New York Rangers
56%
New York Yankees
56%
Oklahoma City Thunder
56%
Philadelphia Flyers
56%
Phoenix Suns
56%
Portland Trail Blazers
56%
Sacramento Kings
56%
San Diego Padres
56%
Toronto Blue Jays
56%
Utah Mammoth
56%
Los Angeles Kings
53%
Miami Marlins
53%
Minnesota Wild
53%
New Jersey Devils
53%
St. Louis Blues
53%
St. Louis Cardinals
53%
Tennessee Titans
53%
Toronto Maple Leafs
53%
Vegas Golden Knights
53%
Milwaukee Brewers
51%
Milwaukee Bucks
51%
Nashville Predators
51%
New England Patriots
51%
Oakland Athletics
51%
Orlando Magic
51%
Ottawa Senators
51%
San Antonio spurs
51%
San Jose Sharks
51%
Texas Rangers
51%
Florida Panthers
49%
Memphis Grizzlies
47%
No matching quizzes found
Score Distribution
Percent of People with Each Score
Percentile by Number Answered
Your Score History
You have not taken this quiz